Statistics for Berlin by Picture

Click here to take the quiz!

General Stats

  • This quiz has been taken 108 times
  • The average score is 10 of 16

Answer Stats

Answer % Correct
Brandenburg Gate
90%
Checkpoint Charlie
81%
East Germany
78%
{Alexander}platz
78%
Spree
75%
Reichstag
73%
Berliner
72%
Currywurst
68%
Kaiser Wilhelm II
63%
Holocaust Memorial
59%
ICE
58%
Olympiastadion
57%
Marlene Dietrich
55%
Siegessäule
51%
{Charlottenburg} Palace
48%
Ampelmännchen
38%

Score Distribution

Percentile by Number Answered

Percent of People with Each Score

Your Score History

You have not taken this quiz